<?xml version="1.0" encoding="UTF-8"?>
<marc:record xmlns:marc="http://www.loc.gov/MARC21/slim">
   <marc:leader>00000nam a2200000 a 4500</marc:leader>
   <marc:datafield ind1="1" ind2=" " tag="100">
      <marc:subfield code="a">Schier, Petra</marc:subfield>
      <marc:subfield code="4">aut</marc:subfield>
      <marc:subfield code="e">Verfasser/-in</marc:subfield>
   </marc:datafield>
   <marc:datafield ind1=" " ind2=" " tag="653">
      <marc:subfield code="a">Weihnachten</marc:subfield>
   </marc:datafield>
   <marc:datafield ind1=" " ind2=" " tag="653">
      <marc:subfield code="a">Hund</marc:subfield>
   </marc:datafield>
   <marc:datafield ind1=" " ind2=" " tag="653">
      <marc:subfield code="a">Fiktionale Darstellung</marc:subfield>
   </marc:datafield>
   <marc:datafield ind1=" " ind2=" " tag="653">
      <marc:subfield code="a">Belletristische Darstellung</marc:subfield>
   </marc:datafield>
   <marc:datafield ind1="0" ind2="0" tag="245">
      <marc:subfield code="a">Hundeweihnacht</marc:subfield>
   </marc:datafield>
   <marc:datafield ind1="0" ind2="0" tag="245">
      <marc:subfield code="c">Petra Schier</marc:subfield>
   </marc:datafield>
   <marc:datafield ind1=" " ind2="1" tag="264">
      <marc:subfield code="a">Berlin</marc:subfield>
      <marc:subfield code="b">Aufbau-Taschenbuch</marc:subfield>
      <marc:subfield code="c">2009</marc:subfield>
   </marc:datafield>
   <marc:datafield ind1="1" ind2=" " tag="490">
      <marc:subfield code="a">Aufbau-Taschenbuch</marc:subfield>
      <marc:subfield code="v">2543</marc:subfield>
   </marc:datafield>
   <marc:datafield ind1=" " ind2=" " tag="250">
      <marc:subfield code="a">1. Aufl.</marc:subfield>
   </marc:datafield>
   <marc:datafield ind1="1" ind2=" " tag="520">
      <marc:subfield code="a">Angaben aus der Verlagsmeldung

Hundeweihnacht / von Petra Schier

Weihnachtshund auf Probe

Wie der Weihnachtsmann auf den Hund kam:

Besinnlich und märchenhaft - die Geschichte einer wunderbaren Freundschaft. Ein Weihnachtshund auf Probe? Nicht für den zehnjährigen Tommi. Er hat den Mischling mit dem Namen Otter, den seine Eltern am ersten Advent aus dem Tierheim holen, gleich ins Herz geschlossen. Doch Otter liebt nichts mehr als Pfützen und Bäche und richtet jeden Tag ein neues Chaos an. Als sein Vater plant, den Hund zurückzubringen, fasst Tommi einen folgenschweren Entschluss. Er will Otter retten, und der leibhaftige Weihnachtsmann soll ihm dabei helfen. Damit beginnt das gefährlichste und wunderbarste Abenteuer seines Lebens.

Ein Weihnachtsengel auf vier Pfoten

Ein altes Haus am Stadtrand - die alleinerziehende Architektin Hanna hofft, endlich ihren Traum wahr machen zu können. Doch es zieht an allen Ecken und Enden, der Strom fällt immer wieder aus, und dann läuft ihr auch noch Billa zu, eine Labradorhündin. Für ihre Tochter Paula kein Problem: In diesem Haus würden sie von einem Engel beschützt. Wenig später lernt Hanna den Förster Leon kennen. Alles scheint auf ein wunderbares Weihnachtsfest zuzusteuern - bis Hanna erkennt, dass Leon ein Geheimnis hat, das sie tief erschüttert. Zum Glück gibt es Billa, den Engel.
</marc:subfield>
   </marc:datafield>
   <marc:datafield ind1=" " ind2=" " tag="020">
      <marc:subfield code="a">9783746625430</marc:subfield>
      <marc:subfield code="9">9783746625430</marc:subfield>
   </marc:datafield>
   <marc:datafield ind1=" " ind2=" " tag="041">
      <marc:subfield code="a">ger</marc:subfield>
   </marc:datafield>
   <marc:datafield ind1=" " ind2=" " tag="300">
      <marc:subfield code="a">301 S.</marc:subfield>
   </marc:datafield>
</marc:record>
